Normal view
MARC view
- Rodriquez-Henriquez, Francisco
Entry Personal Name
001 - CONTROL NUMBER
- control field: 95460
003 - CONTROL NUMBER IDENTIFIER
- control field: NUST
005 - DATE AND TIME OF LATEST TRANSACTION
- control field: 20220727121656.0
008 - FIXED-LENGTH DATA ELEMENTS
- fixed length control field: 220727|| aca||aabn | a|a d
040 ## - CATALOGING SOURCE
- Original cataloging agency: NUST
- Transcribing agency: NUST
100 ## - HEADING--PERSONAL NAME
- Personal name: Rodriquez-Henriquez, Francisco
670 ## - SOURCE DATA FOUND
- Source citation: Work cat.: (NUST)175360: Cryptographic algorithms on reconfigurable hardware /, c2006.
